Statistics for Heart Songs on the Billboard Hot 100 (USA)

Click here to take the quiz!

General Stats

  • This quiz has been taken 13 times
  • The average score is 9 of 29

Answer Stats

Peak Chart Position, Year Answer % Correct
1, 1987Alone
100%
11, 1977Barracuda
100%
1, 1986These Dreams
83%
9, 1976Magic Man
67%
10, 1985What About Love?
67%
42, 1977Dreamboat Annie
67%
2, 1990All I Wanna Do is Make Love To You
58%
4, 1985Never
50%
35, 1976Crazy On You
50%
15, 1978Straight On
42%
79, 1977Kick It Out
33%
54, 1986If Looks Could Kill
25%
44, 1983How Can I Refuse
25%
33, 1980Even It Up
25%
24, 1978Heartless
25%
8, 1981Tell It Like It Is
25%
7, 1987Who Will You Run To
25%
12, 1988There's the Girl
17%
62, 1977Little Queen
17%
33, 1982This Man is Mine
8%
34, 1979Dog + Butterfly
8%
13, 1990Stranded
8%
39, 1994Will You Be There (In the Morning)
8%
10, 1986Nothin' At All
8%
23, 1990I Didn't Want to Need You
0%
49, 1988I Want You So Bad
0%
64, 1991Secret
0%
83, 1983Allies
0%
83, 1981Unchained Melody
0%

Score Distribution

Percentile by Number Answered

Percent of People with Each Score

Your Score History

You have not taken this quiz